000 00363nam a22001457a 4500
003 OSt
005 20160727222521.0
008 160709b xxu||||| |||| 00| 0 eng d
040 _cTEST
100 _92483
_a Kadel, J.P
245 _aA New Approach to Art Education
260 _aN.D
_b Arya
_c2004
300 _aA New Approach to Art Education
942 _2ddc
_cBK
999 _c2150
_d2150